Online reputačný manažment destinácie cestovného ruchu bakalárska práca

Salvato in:
Dettagli Bibliografici
Autore principale: Mikulíčková, Lenka
Ente Autore: Obchodná fakulta EU. Katedra služieb a cestovného ruchu - zrušené
Altri autori: Bažó, Ladislav, 1980-
Natura: Libro
Lingua:slovacco
Pubblicazione: Bratislava 2015
Tags: Aggiungi Tag
Nessun Tag, puoi essere il primo ad aggiungerne!!

MARC

LEADER 00000nbm a2200000 4500
001 0203224
005 20161212105425.8
041 0 |a slo 
044 |a SK 
245 1 0 |a Online reputačný manažment destinácie cestovného ruchu  |b bakalárska práca  |c Lenka Mikulíčková ; školiteľ: Ladislav Bažó 
264 1 |a Bratislava  |c 2015 
300 |a 60 s. 
100 1 |a Mikulíčková, Lenka 
700 1 |a Bažó, Ladislav, 1980- 
710 2 |a Obchodná fakulta EU. Katedra služieb a cestovného ruchu - zrušené